Vetri mel vetri = success! (Tamil)

Bibliographic Details
Main Author: Srihari
Format: Book
Published: Chennai : Mathi Nilayam , 2011
Subjects:

MARC

LEADER 00000cam a2200000 7i4500
001 0000057837
005 20160104.0
008 160104
024 1 0 |a 1001668 
090 0 0 |a 158.1   |b SRI 
100 1 |a Srihari 
245 1 0 |a Vetri mel vetri = success! (Tamil)   |c Srihari 
260 |a Chennai :   |b Mathi Nilayam ,   |c 2011 
300 |a 168 p. ;   |c 21.5cm. 
650 0 |a Success   |x Psychological aspects 
999 |a 0001385808   |b Book   |c Tamil Collection   |e Perbadanan Perpustakaan Awam Johor